000 01404nam1a2200301 i 4500
001 RU\NLR\bibl\738053
005 20260407100444.0
035 _a(NLR Aleph) 000727961
090 _a744411
_c744411
100 _a20050322g20049999k y0rusy50 ca
101 0 _arus
102 _aRU
105 _aa |||||||||
200 1 _aМолодежь, наука, творчество-2004
_eсб. ст. II Межвуз. науч.-практ. конф. студентов и аспирантов, 12-16 апр. 2004 г.
_f[редкол.: Гулиев Н.А., к.п.н., проф. и др.]
210 _aОмск
_cОГИС
_d2004
215 _d20
300 _aВ надзаг.: М-во образования и науки Рос. Федерации, М-во образования Ом. обл., Ом. гос. ин-т сервиса
463 0 _1001732371
463 0 _1001732373
606 _aОбщественные науки
_jСъезды, совещания и т.п.
_91112139
_3RU\NLR\auth\66119728
686 _aС.я431
702 1 _4340
_8rus
_7ca
_aГулиев
_bН.А.
_gНовруз Амирханович
_3RU\NLR\auth\7724678
_97728
712 0 2 _4570
_aОмский государственный институт сервиса
_3RU\NLR\AUTH\8810054670
_9609853
801 0 _aRU
_bNLR
_c20050322
_gPSBO
801 1 _aRU
_bNLR
_c20050322
852 _aNLR
_j2005-3/4413
942 _cBOOK